20 Readers digest books (Record no. 26251)

000 -LEADER
fixed length control field 00460nam a22001817a 4500
001 - CONTROL NUMBER
control field 26251
003 - CONTROL NUMBER IDENTIFIER
control field BD-DhUET
008 - FIXED-LENGTH DATA ELEMENTS--GENERAL INFORMATION
fixed length control field 150518b xxu||||| |||| 00| 0 eng d
040 ## - CATALOGING SOURCE
Original cataloging agency DLC
Transcribing agency DLC
Modifying agency BD-DhUET
082 ## - DEWEY DECIMAL CLASSIFICATION NUMBER
Classification number 813
Item number REA/1953
110 ## - MAIN ENTRY--CORPORATE NAME
Corporate name or jurisdiction name as entry element Readers Digest Association
245 ## - TITLE STATEMENT
Title 20 Readers digest books
250 ## - EDITION STATEMENT
Edition statement 1st ed.
260 ## - PUBLICATION, DISTRIBUTION, ETC. (IMPRINT)
Place of publication, distribution, etc. New York
Name of publisher, distributor, etc. The Readers Digest Association
Date of publication, distribution, etc. 1953
300 ## - PHYSICAL DESCRIPTION
Extent 574 p.
650 #0 - SUBJECT ADDED ENTRY--TOPICAL TERM
Topical term or geographic name as entry element American fiction
942 ## - ADDED ENTRY ELEMENTS (KOHA)
Koha item type Corporate Publication
Holdings
Date acquired Location (home branch) Lost status Koha date last seen Piece designation (barcode) Not for loan Shelving location Koha normalized classification for sorting Copy number Price effective from Damaged status Koha full call number Sublocation or collection (holding branch) Koha item type Source of classification or shelving scheme Withdrawn status
2015-05-18Central Library, BUET 2015-05-1862749 Circulation section813_000000000000000_REA_195312015-05-18 813/REA/1953Central Library, BUETCorporate Publication